000 01155cab a2200277 4500
001 ABS46598
008 090401t1992 xxu||||| |||| 00| 0 eng d
035 _a(Sirsi) u58822
041 _aeng
100 _aMiller, W.
245 _aAssumptions of fitting out
260 _c1992
350 _a0
490 _aRent Review & Lease Renewal
_v12(3) Spring 1992, 248-258(6)
520 _aConsiders the use of the assumption for fitting out in a standard rent review provision looking at why it is there and what practical and legal considerations have caused its inclusion. Includes definitions of `assumptions`, `disregarded matters`, `open market value`, `rent restrictions` and `review date`. It also examines the functions of a surveyor in arbitrating on this point.
650 _aMANAGEMENT-DISPUTE AVOIDANCE, MANAGEMENT AND RESOLUTION-DISPUTE MANAGEMENT AND RESOLUTION-ARBITRATION
650 _aDISREGARDS
650 _aFITTING OUT
650 _aOPEN MARKET VALUE
650 _aRENT RESTRICTIONS
650 _aRENT REVIEWS
650 _aREVIEW DATE
690 _aLANDLORD AND TENANT-RENT REVIEWS
942 _n0
948 _c04/03/1997
999 _c35969
_d35969